In the District Court of the United States for the Southern District of California. United States of America v. Trumbull et al Nº 242

Bewaard in:
Bibliografische gegevens
Coauteur: Corte de Justicia del Distrito de California (Auteur)
Formaat: Boek
Taal:Engels
Gepubliceerd in: Dubuque W. C. Brown 1892
Editie:1a. ed
Onderwerpen:
Tags: Voeg label toe
Geen labels, Wees de eerste die dit record labelt!

MARC

LEADER 00000nam a2200000 a 4500
001 UCJ4004
003 CL-VaPUC
008 070124e18920000us |||||||||||||||||eng|d
082 0 4 |a 983  |b COR  |2 21 
110 2 |a Corte de Justicia del Distrito de California  |e author  |9 506778 
245 1 0 |a In the District Court of the United States for the Southern District of California. United States of America v. Trumbull et al Nº 242 
246 1 0 |a United States of America v. The steamship Itata, her Tackle, Apparel, Furniture, etc 
246 1 0 |a United States of America v. Two thousand cases of rifles, etc.: Oral arguments in the District Court of the United States, for the Southern District of California, before Hon. E. M. Ross, District Judge, by Charles Page and Stephen M. White, Esqs., for Defendants and Claimants, and oral argument of William W. Goodrich, Esq., for Compañía Sudamericana de Vapores; Together with the Indictment in the cause first above entitled, and the Decision of the Court on the motion of defendant to instruct the Jury to Acquit; and also the opinion of the Court in said causes Nos. 248 and 249 
250 |a 1a. ed 
300 |a 106 p 
942 |c BK 
945 |d 20070124 00:00:00  |a rinostro 
260 |a Dubuque  |b W. C. Brown  |c 1892 
500 |a Empastado junto a otras monografías relacionadas con el tema de nuestras relaciones con los Estados Unidos en un volumen rotulado Cuestiones internacionales 1891; ubicación 983 MAT 
600 0 7 |a COMPAÑIA SUDAMERICANA DE VAPORES  |2 CL-VaPUC  |9 430277 
650 0 |a Juicios civiles  |9 506779 
650 7 |a CONTRABANDO DE ARMAS  |2 CL-VaPUC  |9 506780 
650 7 |a GUERRA CIVIL DE 1891  |2 CL-VaPUC  |9 408173 
651 7 |a CHILE  |2 CL-VaPUC  |9 506781 
651 7 |a ESTADOS UNIDOS DE NORTEAMERICA  |2 CL-VaPUC  |9 316036 
583 |a last modification  |c 20171221 12:44:53  |k Rodrigo Vera 
999 |c 320122  |d 320120 
952 |0 0  |1 0  |4 0  |6 983_000000000000000_COR_1892  |7 0  |8 X  |9 398590  |a FDOBUD  |b FDOBUD  |d 2019-11-22  |i 1011928  |o 983 COR 1892  |p 1011928  |r 2019-11-22  |w 2019-11-22  |y BK_X  |k BUD